000 00401nam a2200169Ia 4500
005 20250430045404.0
008 240331s9999 xx 000 0 und d
020 _a9559595210
082 _bWEE
_a891
100 _aWeerasinghe,T
245 0 _aPituwahal kala tharuniya
260 _aBorelsgamuwa
_bCRC printers
_c1997
300 _a62 p ., ( C 1)
650 _aEssays
650 _aPoems
942 _cL
999 _c5540
_d5540